[Event "Copenhagen Chess Challenge 2"]
[Site "?"]
[Date "2015.05.03"]
[Round "9.13"]
[White "Kokholm,1913, Daniel"]
[Black "Rewitz,2272, FM Poul"]
[Result "0-1"]
[BlackElo "2272"]
[WhiteElo "1913"]
[LiveChessVersion "1.4.6"]

1. f4 {[%clk 1:30:30]} c6 {[%clk 1:28:38]} 2. Nc3 {[%clk 1:30:44]} g6
{[%clk 1:28:55]} 3. Nf3 {[%clk 1:29:53]} Bg7 {[%clk 1:29:17]} 4. g3
{[%clk 1:30:03]} h5 {[%clk 1:29:30]} 5. h3 {[%clk 1:29:41]} Nh6 {[%clk 1:29:46]}
6. e4 {[%clk 1:29:08]} d5 {[%clk 1:30:07]} 7. d3 {[%clk 1:29:03]} b5
{[%clk 1:30:06]} 8. Qe2 a5 {[%clk 1:29:44]} 9. a4 {[%clk 1:20:33]} b4
{[%clk 1:29:55]} 10. Nd1 {[%clk 1:21:01]} dxe4 {[%clk 1:28:16]} 11. dxe4
{[%clk 1:20:45]} Ba6 {[%clk 1:28:35]} 12. Qf2 {[%clk 1:20:33]} Bxf1
{[%clk 1:27:53]} 13. Qxf1 {[%clk 1:19:26]} Nd7 {[%clk 1:26:24]} 14. Ne3
{[%clk 1:07:58]} Nc5 {[%clk 1:24:33]} 15. Qc4 {[%clk 1:07:14]} Qb6
{[%clk 1:24:18]} 16. Ng5 {[%clk 0:57:14]} Rd8 {[%clk 1:23:17]} 17. e5
{[%clk 0:55:32]} e6 {[%clk 1:17:09]} 18. O-O {[%clk 0:51:32]} O-O
{[%clk 1:17:19]} 19. Kh2 {[%clk 0:49:41]} Rd7 {[%clk 1:14:49]} 20. g4
{[%clk 0:49:15]} hxg4 {[%clk 1:12:33]} 21. hxg4 {[%clk 0:49:34]} Rfd8
{[%clk 1:12:23]} 22. Nf3 {[%clk 0:48:52]} b3 {[%clk 1:10:27]} 23. g5
{[%clk 0:45:41]} Nf5 {[%clk 1:08:12]} 24. Nxf5 {[%clk 0:46:06]} exf5
{[%clk 1:06:01]} 25. Be3 {[%clk 0:45:15]} Rd5 {[%clk 1:05:53]} 26. c3
{[%clk 0:44:13]} Bf8 {[%clk 1:03:01]} 27. Kg2 {[%clk 0:39:28]} Qb7
{[%clk 1:01:30]} 28. Nd4 {[%clk 0:37:09]} R8d7 {[%clk 0:47:27]} 29. Rh1
{[%clk 0:36:42]} Ne4 {[%clk 0:36:07]} 30. Nxb3 {[%clk 0:16:52]} c5
{[%clk 0:34:30]} 31. Qb5 {[%clk 0:15:28]} c4 {[%clk 0:33:32]} 32. Qxb7
{[%clk 0:15:08]} Rxb7 {[%clk 0:33:54]} 33. Nd4 {[%clk 0:14:34]} Rxb2+
{[%clk 0:34:13]} 34. Kf3 {[%clk 0:14:06]} Nxc3 {[%clk 0:33:22]} 35. Rh3
{[%clk 0:13:54]} Nb1 {[%clk 0:28:58]} 36. e6 {[%clk 0:05:43]} fxe6
{[%clk 0:26:21]} 37. Nxe6 {[%clk 0:03:10]} Rd3 {[%clk 0:26:26]} 38. Nxf8
{[%clk 0:03:02]} Kxf8 0-1